| 000 | 01957cam a2200493 i 4500 | ||
|---|---|---|---|
| 001 | xx001288018 | ||
| 003 | NUKAT | ||
| 005 | 20260420062227.0 | ||
| 008 | 090213s1829 fr a |001 0 fre c | ||
| 035 | _a(OCoLC)749999574 | ||
| 035 | _a(NUKAT)xx001288018 | ||
| 040 |
_aPOZN U/MC _cPOZN U/MC _dPOZN U/MW _dPOZN U/KNs _dLUBL M/mm |
||
| 045 | 2 |
_bd1797 _bd1801 |
|
| 046 | _k1829 | ||
| 099 | _atn_644348 | ||
| 100 | 1 |
_aChodźko, Leonard _d(1800-1871). _940313 |
|
| 245 | 1 | 0 |
_aHistoire des Légions polonaises en Italie, sous le commandement du général Dombrowski. _nT. 1 / _cpar Léonard Chodźko. |
| 260 |
_aParis : _bJ. Barbezat, _c1829 _e(Paris : _fTypographie de J. Pinard). |
||
| 300 |
_a[8], LXVI, 399 s., [3] k. tabl. : _berr. ; _c20 cm. |
||
| 336 |
_aTekst _btxt _2rdacontent |
||
| 337 |
_aBez urządzenia pośredniczącego _bn _2rdamedia |
||
| 338 |
_aWolumin _bnc _2rdacarrier |
||
| 380 | _aKsiążki | ||
| 388 | 1 | _a1801-1900 | |
| 504 | _aIndeks. | ||
| 505 | 2 | _aChant national polonais = Mazurek Dombrowski / [Józef Wybicki] ; trad. du polonais par G. Fulgence ; arr. avec acc. de piano par Albert Sowinski. | |
| 600 | 1 | 7 |
_aDąbrowski, Jan Henryk _d(1755-1818) _2DBN _940315 |
| 610 | 2 | 7 |
_aLegiony Polskie (1797-1801) _2DBN _940316 |
| 610 | 2 | 7 |
_aLegiony Polskie we Włoszech _xhistoria. _2kaba _940317 |
| 610 | 2 | 7 |
_aLegiony Polskie we Włoszech _vźródła. _2kaba _940318 |
| 648 | 7 |
_a1701-1800 _2DBN _936035 |
|
| 648 | 7 |
_a1801-1900 _2DBN _936037 |
|
| 650 | 7 |
_aWojsko _2DBN _935355 |
|
| 651 | 7 |
_aPolska _2DBN _935076 |
|
| 651 | 7 |
_aWłochy _2DBN _937698 |
|
| 655 | 7 |
_aOpracowanie _2DBN _935024 |
|
| 655 | 7 |
_aWydawnictwo źródłowe _2DBN _935066 |
|
| 658 | _aBezpieczeństwo i wojskowość | ||
| 658 | _aHistoria | ||
| 700 | 1 |
_aSowiński, Wojciech _d(1805-1880). _940319 |
|
| 700 | 1 |
_aOlivier, Gustave Fulgence _d(1806-1886). _940320 |
|
| 700 | 1 | 2 |
_aWybicki, Józef _d(1747-1822). _tMazurek Dąbrowskiego _l(pol., fr.) _940314 |
| 942 |
_2ddc _cBK_NM |
||
| 999 |
_c27699 _d27699 |
||